| 000 | 00452nam a2200181 a 4500 | ||
|---|---|---|---|
| 001 | 19010 | ||
| 005 | 20180713212407.0 | ||
| 008 | 140415s1944 ag 000 0 spa d | ||
| 041 | _aspa | ||
| 082 |
_a823 _bCAR |
||
| 100 | 1 | _aCARLYLE, TOMAS | |
| 245 | 1 | 4 | _aLOS PRIMITIVOS REYES DE NORUEGA |
| 250 | _a1a ed. | ||
| 260 |
_aARGENTINA : _bESPASA-CALPE, _c1944 |
||
| 300 | _a150 | ||
| 490 |
_aAUSTRAL _v472 |
||
| 650 | 1 | 4 | _aNOVELA INGLESA |
| 999 |
_c19010 _d19010 |
||